| 000 -ლიდერი |
| ფიქსირებული სიგრძის საკონტროლო ველი |
01264nam a22002177a 4500 |
| 003 - საკონტროლო ნომრის იდენტიფიკატორი |
| საკონტროლო ველი |
Ge_BSU |
| 005 - ბოლო ოპერაციის თარიღი და დრო |
| საკონტროლო ველი |
20200728134714.0 |
| 008 - ფიქსირებული სიგრძის მონაცემთა ელემენტები - ზოგადი ინფორმაცია |
| ფიქსირებული სიგრძის საკონტროლო ველი |
200728s2007ge xxu||||| |||| 00| 0 geo d |
| 020 ## - წიგნის საერთაშორისო სტანდარტული ნომერი |
| International Standard Book Number |
9994046845 |
| 041 ## - ენის კოდი |
| Language code of text/sound track or separate title |
geo |
| 080 ## - უნივერსალური ათობითი კლასიფიკაციის ინდექსი |
| Universal Decimal Classification number |
343 წ -39 |
| 100 ## - მთავარი ჩანაწერი - პიროვნების სახელი |
| Personal name |
წერეთელი, თინათინ. |
| 9 (RLIN) |
816 |
| 245 ## - ცნობა სათაურის შესახებ |
| Title |
სისხლის სამართლის პრობლემები : |
| Remainder of title |
ტ. 2 / |
| Statement of responsibility, etc |
თინათინ წერეთელი ; [სარედ. კოლ.: გიორგი ხუბუა (მთ. რედ.) [და სხვ.] |
| 264 ## - წარმოების, გამოცემის, დისტრიბუციის და სხვა ცნობები |
| გამოცემის, წარმოების, დისტრიბუციის... ადგილი |
თბილისი : |
| გამოცემის, წარმოების, დისტრიბუციის... სახელწოდება |
მერიდიანი, |
| გამოცემის, წარმოების, დისტრიბუციის... თარიღი |
2007. |
| 300 ## - ფიზიკური აღწერა |
| Extent |
452 გვ. |
| Dimensions |
21 სმ. |
| 504 ## - BIBLIOGRAPHY, ETC. NOTE |
| Bibliography, etc |
ბიბლიოგრაფია ტექსტის შენიშვნებში. |
| 653 ## - INDEX TERM--UNCONTROLLED |
| Uncontrolled term |
სისხლის სამართალი |
| 653 ## - INDEX TERM--UNCONTROLLED |
| Uncontrolled term |
თანამონაწილეობა დანაშაულში -- დანაშაულის შემხებლობა -- დანაშაულებრივი ქმედობა და მისი შედეგი |
| 700 ## - ADDED ENTRY--PERSONAL NAME |
| Personal name |
ხუბუა, : გიორგი |
| Relator term |
მთავარი რედაქტორი |
| 9 (RLIN) |
9074 |
| 942 ## - ADDED ENTRY ELEMENTS (KOHA) |
| Source of classification or shelving scheme |
|
| Koha item type |
წიგნი |